• 首页
  • 本馆介绍
  • 公告通知
  • 最新文献
  • 馆藏检索
  • 电子资源
  • 读者导购
  • 参考咨询
  • 我的图书馆
  • 登录
  • 详细信息显示
  • 放入我的书架
  • 预约/预借图书
  • 作者相关作品
  • 分类相关作品
  • 丛书相关作品
  • 出版社相关作品

书目信息

  • 表格格式
  • 工作单格式
  • 卡片格式
题名:
上海注册商标图集
    
 
作者: ;上海市工商行政管理局 , 上海出版服务公司 编
分册: 下  
出版信息: 上海   百家出版社  [1988]
页数: 627-1255页
开本: 19×25cm
丛书名:
单 册:
中图分类: F760.5
科图分类:
主题词:
电子资源:
ISBN: 7-900000-15-1
000 00911nam0 2200229 45
001 0189030502
005 20060909154330.09
010    @a7-900000-15-1@b精装@dCNY46.00
020    @aCN@b89030502
100    @a19911017d1988 m y0chiy0120 ea
101 0  @achi
102    @aCN@b310000
105    @ay z 000yy
200 10 @a上海注册商标图集@h下@Ashang hai zhu ce shang biao tu ji@e1950-1985@f上海市工商行政管理局,上海出版服务公司编@Fshang hai shi gong shang xing zheng guan li ju , shang hai chu ban fu wu gong si bian
210    @a上海@c百家出版社@d[1988]
215    @a627-1255页@d19×25cm
540 1  @a上海 注册 商标 图集@Ashang hai zhu ce shang biao tu ji
690    @aF760.5@v1980
711 02 @a上海市工商行政管理局@Ashang hai shi gong shang xing zheng guan li ju@4编
711 02 @a上海出版服务公司@Ashang hai chu ban fu wu gong si@4编
801  0 @aCN@bTSSF@c20060909
905    @a10447@dF760.5@e20:2
    
    上海注册商标图集.下:1950-1985/上海市工商行政管理局,上海出版服务公司编.-上海:百家出版社,[1988]
    627-1255页;19×25cm
    
    
    ISBN 7-900000-15-1(精装):CNY46.00
    
●
相关链接 在E读中查询图书 在五车中查询图书 在当当中查询图书 在豆瓣中查询图书


正题名:上海注册商标图集     索取号:F760.5/20:2         预约/预借

序号 登录号 条形码 馆藏地/架位号 状态 备注
1 0471794   204717949   密集书库/ [索取号:F760.5/20:2] 在馆    
唐山师范学院图书馆 欢迎您!
大连网信软件有限公司© 版权所有